Statistics for Largest City In Each Chinese Province on a Map

Click here to take the quiz!

General Stats

  • This quiz has been taken 394 times
  • The average score is 18 of 27

Answers on the Map

Answers color-coded by a green-red scale on the quiz's map according to % correct below.
 

Answer Stats

ProvinceCity% Correct
GuangdongGuangzhou
93%
HubeiWuhan
89%
XinjiangÜrümqi
87%
ShaanxiXi'an
85%
SichuanChengdu
82%
HeilongjiangHarbin
82%
TibetLhasa
82%
FujianXiamen
81%
JiangsuNanjing
77%
ZhejiangHangzhou
73%
LiaoningShenyang
72%
YunnanKunming
68%
AnhuiHefei
65%
HunanChangsha
64%
GuangxiNanning
64%
HenanZhengzhou
63%
HainanHaikou
62%
ShandongJinan
57%
JilinChangchun
55%
HebeiShijiazhuang
54%
GansuLanzhou
53%
ShanxiTaiyuan
51%
GuizhouGuiyang
50%
JiangxiNanchang
46%
QinghaiXining
38%
Inner MongoliaBaotou
35%
NingxiaYinchuan
35%

Score Distribution

Percentile by Number Answered

Percent of People with Each Score

Your Score History

You have not taken this quiz